Padni figuro, pět!, aneb, Chodili jsme do školy /

Main Author: Pavelka, Robert, 1963-
Language: Czech
Published: Praha : Powerprint, 2021
Edition: První vydání
Subjects:
Physical Description: 139 stran : ilustrace ; 18 cm
Book
Saved in:
LEADER 02117nam a2200625 i 4500
001 nkc20213352048
003 CZ PrNK
005 20211220150254.0
007 ta
008 210915s2021 xr a e 000 0acze
015 |a cnb003352048 
020 |a 978-80-7568-373-1  |q (brožováno) 
035 |a (OCoLC)1291384689 
040 |a BOA001  |b cze  |e rda 
043 |a e-xr--- 
045 |a x7x8 
072 7 |a 821.162.3-3  |x Česká próza  |2 Konspekt  |9 25 
072 7 |a 929  |x Biografie  |2 Konspekt  |9 8 
080 |a 821.162.3-3  |2 MRF 
080 |a 76.071.1  |2 MRF 
080 |a 37.064.2  |2 MRF 
080 |a 37.091  |2 MRF 
080 |a 82-7  |2 MRF 
080 |a 929  |2 MRF 
080 |a (437.3)  |2 MRF 
080 |a (0:82-3)  |2 MRF 
080 |a (0:82-94)  |2 MRF 
100 1 |a Pavelka, Robert,  |d 1963-  |7 xx0004961  |4 aut 
245 1 0 |a Padni figuro, pět!, aneb, Chodili jsme do školy /  |c Robert Pavelka 
246 3 |a Chodili jsme do školy 
246 1 4 |a Padni figuro, pět! 
250 |a První vydání 
264 1 |a Praha :  |b Powerprint,  |c 2021 
300 |a 139 stran :  |b ilustrace ;  |c 18 cm 
336 |a text  |b txt  |2 rdacontent 
337 |a bez média  |b n  |2 rdamedia 
338 |a svazek  |b nc  |2 rdacarrier 
600 1 7 |a Pavelka, Robert,  |d 1963-  |7 xx0004961  |2 czenas 
648 7 |a 20.-21. století  |7 ch462155  |2 czenas 
648 7 |a 20. století  |7 ch460558  |2 czenas 
650 0 7 |a grafici  |7 ph120589  |z Česko  |y 20.-21. století  |2 czenas 
650 0 7 |a učitel a žák  |7 ph126980  |z Česko  |y 20. století  |2 czenas 
650 0 7 |a škola  |7 ph127804  |x humor  |2 czenas 
650 0 9 |a printmakers  |z Czechia  |y 20th-21st centuries  |2 eczenas 
650 0 9 |a teacher and learner  |z Czechia  |y 20th century  |2 eczenas 
650 0 9 |a school  |x humor  |2 eczenas 
655 7 |a české prózy  |7 fd133972  |2 czenas 
655 7 |a autobiografické vzpomínky  |7 fd131854  |2 czenas 
655 9 |a Czech prose  |2 eczenas 
655 9 |a autobiographical reminiscences  |2 eczenas 
910 2 |a BOA001  |b 1-1475.853 
990 |a BK 
995 |a 01 
991 |b 202111  |c NOV 
996 6 |b 2610883337  |c 1-1475.853  |l MZK  |r Sklad / do 1 hodiny  |n 0  |p p.v.  |w 001867375  |u 000010  |a 1  |e BOA001  |j MZK50  |s P